[Event "Meltwater Tour Final 2022"]
[Site "chess24.com INT"]
[Date "2022.11.16"]
[Round "3.3"]
[White "Praggnanandhaa, R.."]
[Black "Le, Quang Liem"]
[Result "1-0"]
[WhiteElo "2678"]
[BlackElo "2728"]
[PlyCount "105"]
[EventDate "2022.11.14"]

1. d4 Nf6 2. c4 e6 3. Nc3 Bb4 4. e3 O-O 5. Nf3 b6 6. Bd3 c5 7. O-O Bb7 8. Na4 cxd4 9. exd4 Re8 10. a3 Bf8 11. b4 d6 12. Bb2 Nbd7 13. Re1 g6 14. Rc1 Rc8 15. Nc3 a6 16. Nd2 e5 $146 ({RR} 16... Rc7 17. Rc2 Qa8 18. g3 Rec8 19. h4 Bh6 20. Nde4 Ne8 21. Ng5 Nef6 22. d5 e5 23. Nce4 Bxg5 24. Nxg5 b5 25. c5 Bxd5 26. h5 h6 27. Nxf7 Bxf7 28. Bxg6 dxc5 29. Bxf7+ Kxf7 30. Bxe5 Nxe5 31. Rxe5 {Cvitan,O (2535)-Georgiev,K (2660) Vrsac 2012 1-0 (49)}) 17. Nce4 Nh5 18. Bf1 f5 19. Ng3 Nf4 20. dxe5 dxe5 21. Qb3 Kh8 22. Nf3 Bg7 23. Rcd1 Qe7 24. Rd2 Rc7 25. Red1 e4 26. Bxg7+ Qxg7 27. Qe3 Ne6 28. Nd4 Ndf8 29. Nxe6 Nxe6 30. Ne2 Rf7 31. Nf4 Nxf4 32. Qxf4 g5 33. Qe3 Qe5 34. Rd8 f4 35. Qxb6 Rxd8 36. Qxd8+ Kg7 37. Rd7 e3 38. Rxf7+ Kxf7 39. Qd7+ Qe7 40. Qxe7+ Kxe7 41. fxe3 fxe3 42. b5 Bc8 43. Bd3 Ke6 44. Bxh7 Kd6 45. Kf1 Kc5 46. Bd3 Kd4 47. Be2 a5 48. Ke1 Kc5 49. Bf1 Be6 50. h3 g4 51. hxg4 Bxg4 52. Be2 Be6 53. g4 1-0

[Event "57th Biel GM1 Qual 2024"]
[Site "Biel SUI"]
[Date "2024.07.18"]
[Round "3.2"]
[White "Praggnanandhaa, R.."]
[Black "Martirosyan, Haik M."]
[Result "1/2-1/2"]
[WhiteElo "2757"]
[BlackElo "2661"]
[PlyCount "80"]
[EventDate "2024.07.16"]

1. d4 Nf6 2. c4 e6 3. Nc3 Bb4 4. e3 O-O 5. Bd3 d5 6. cxd5 exd5 7. Nge2 Re8 8. Bd2 b6 9. Rc1 Bf8 10. O-O c5 11. Nf4 Bb7 12. Qf3 Nc6 13. Nfxd5 Nxd5 14. Nxd5 Ne5 15. dxe5 Qxd5 16. Qxd5 Bxd5 17. a4 $146 ({RR} 17. Bc3 Bxa2 18. Be4 Rab8 19. Ra1 Bc4 20. Rfd1 a5 21. f4 Bb3 22. Rd7 Red8 23. Ra7 a4 24. f5 b5 25. e6 fxe6 26. f6 Bd5 27. fxg7 Bd6 28. Bxd5 exd5 29. Bf6 Re8 30. Rd1 Be5 31. Bxe5 Rxe5 {Martinovic,S (2552)-Saric,A (2544) Mali Losinj 2017 ½-½ (62)}) 17... Rxe5 18. Bc3 Ree8 19. Rfd1 Red8 20. Bb5 a6 21. Rxd5 Rxd5 22. Bc6 Rad8 23. Bxd5 Rxd5 24. Kf1 f5 25. Ke2 Kf7 26. h3 h5 27. b3 Be7 28. Rc2 g6 29. Rd2 Ke6 30. Rxd5 Kxd5 31. Kd3 b5 32. axb5 axb5 33. f3 c4+ 34. bxc4+ bxc4+ 35. Kc2 Bc5 36. Bd2 Bb6 37. Bc1 Ba5 38. Bb2 Bb6 39. Bc1 Ba5 40. Bb2 Bb6 1/2-1/2

[Event "La Roda op 48th"]
[Site "La Roda"]
[Date "2022.04.17"]
[Round "9"]
[White "Praggnanandhaa, Rameshbabu"]
[Black "Martirosyan, Haik M"]
[Result "1/2-1/2"]
[WhiteElo "2624"]
[BlackElo "2633"]
[PlyCount "74"]
[EventDate "2022.04.13"]
[EventType "swiss"]
[EventRounds "9"]
[EventCountry "ESP"]
[SourceTitle "CBM 207 Extra"]
[Source "ChessBase"]
[SourceDate "2022.05.31"]
[SourceVersion "1"]
[SourceVersionDate "2022.05.31"]
[SourceQuality "1"]

1. d4 Nf6 2. c4 e6 3. Nc3 Bb4 4. e3 O-O 5. Nf3 d5 6. Bd2 b6 7. cxd5 exd5 8. Bd3 Bb7 9. Qc2 c5 ({RR} 9... Re8 10. a3 Bf8 11. Ng5 g6 12. h4 c5 13. h5 h6 14. hxg6 hxg5 15. gxf7+ Kxf7 16. Bg6+ Ke7 17. Qf5 Bg7 18. e4 Nc6 19. Bxe8 Qxe8 20. Nxd5+ Nxd5 21. Bxg5+ Kd6 22. Qxd5+ Kc7 23. Rh7 {1-0 (23) Aronian,L (2785)-Esipenko,A (2723) Berlin 2022}) ({RR} 9... Re8 10. a3 Bf8 11. Ng5 g6 12. h4 Bg7 13. O-O-O Ng4 14. Nxh7 Kxh7 15. h5 Kg8 16. hxg6 f6 17. Rdf1 Nc6 18. Ne2 Qd6 19. Ng3 Ne7 20. Rh7 f5 21. Nh5 Bf8 22. Bxf5 Nf6 23. Bb4 c5 24. dxc5 {Praggnanandhaa,R (2624)-Cornette,M (2569) Reykjavik 2022 1-0}) 10. O-O Nc6 ({RR} 10... c4 11. Be2 Nc6 12. b3 Bxc3 13. Bxc3 b5 14. Rab1 Bc8 15. bxc4 bxc4 16. Ne5 Ne7 17. Qa4 Ne4 18. Ba5 Qe8 19. Bd1 f6 20. Qxe8 Rxe8 21. Ba4 Bf5 22. Nc6 Be6 23. f3 Nd6 24. Nb4 Rec8 25. Na6 {So,W (2752)-Anand,V (2751) Duesseldorf GER 2025 1-0 (37)}) 11. dxc5 Bxc5 $146 ({RR} 11... bxc5 12. a3 d4 13. Ne4 Nxe4 14. Bxe4 Bxd2 15. Nxd2 h6 16. Nb3 dxe3 17. fxe3 Rc8 18. Nxc5 Ba8 19. b4 a5 20. Qb3 Qe7 21. Rad1 Ne5 22. Bxa8 Rxa8 23. h3 axb4 24. axb4 Rab8 25. Rd5 Rfd8 26. Rfd1 {Koneru,H (2576)-Batsiashvili,N (2489) New Delhi IND 2023 ½-½ (44)}) 12. Ne2 d4 13. exd4 Nxd4 14. Nexd4 Bxd4 15. Nxd4 Qxd4 16. Bc3 Qh4 17. Bxf6 gxf6 18. Qc7 Rab8 19. Rae1 Rfc8 20. Qg3+ Qxg3 21. fxg3 Rd8 22. Bc4 Rbc8 23. Bb3 Bd5 24. Bxd5 Rxd5 25. Rxf6 Rd2 26. Rf2 Rcc2 27. Rxd2 Rxd2 28. Rb1 b5 29. a3 Kg7 30. g4 a5 31. h3 b4 32. axb4 axb4 33. b3 Rd3 34. Kh2 Kg6 35. h4 h6 36. g3 Re3 37. Kh3 Kg7 1/2-1/2

[Event "7th Prague Masters 2025"]
[Site "Prague CZE"]
[Date "2025.02.28"]
[Round "3.2"]
[White "Praggnanandhaa, R.."]
[Black "Nguyen, Thai Dai Van"]
[Result "1-0"]
[WhiteElo "2741"]
[BlackElo "2668"]
[PlyCount "58"]
[EventDate "2025.02.26"]

1. d4 Nf6 2. c4 e6 3. Nc3 Bb4 4. g3 O-O 5. Bg2 d5 6. Nf3 dxc4 7. O-O Nc6 8. a3 Be7 9. e4 Rb8 10. Bf4 b5 11. Re1 a6 ({RR} 11... a5 12. d5 exd5 13. exd5 b4 14. dxc6 bxc3 15. bxc3 Qxd1 16. Raxd1 Bxa3 17. Bxc7 Ra8 18. Ra1 Bb2 19. Rxa5 Be6 20. Rxa8 Rxa8 21. Be5 Nd5 22. Ng5 Rc8 23. Bxd5 Bxd5 24. c7 h6 25. Rd1 Kf8 26. Rxd5 {Gormally,D (2428)-Roberson,P (2434) Peterborough ENG 2025 1-0}) 12. d5 Na5 13. Qc2 $146 ({RR} 13. Nd4 Bc5 14. Rb1 exd5 15. exd5 Bg4 16. Qd2 Re8 17. Bg5 Rxe1+ 18. Rxe1 h6 19. Bf4 Bb6 20. h3 Bd7 21. Be5 Rc8 22. Qf4 Nh5 23. Qf3 Qg5 24. h4 Qg6 25. Nc6 Re8 26. Re4 Nxc6 27. dxc6 Bxc6 {Petursson,M (2408)-Sakun,V (2301) Lviv UKR 2024 0-1 (33)}) 13... Nh5 14. Be3 f5 15. dxe6 f4 16. Rad1 Qe8 17. gxf4 Nxf4 18. Bxf4 Rxf4 19. Nd5 Rg4 20. Nxe7+ Qxe7 21. Qd2 Bb7 22. Ne5 Rg5 23. f4 Rxe5 24. fxe5 Nc6 25. Qd7 Re8 26. Qxe7 Rxe7 27. Rd7 Rxe6 28. Rxc7 Na5 29. Rd1 Bc6 1-0

[Event "Airthings Masters Div 3 W"]
[Site "chess.com INT"]
[Date "2023.02.08"]
[Round "5.3"]
[White "Praggnanandhaa, R.."]
[Black "Sevian, Samuel"]
[Result "0-1"]
[WhiteElo "2690"]
[BlackElo "2687"]
[PlyCount "200"]
[EventDate "2023.02.06"]

1. d4 Nf6 2. c4 e6 3. Nc3 Bb4 4. a3 Bxc3+ 5. bxc3 c5 6. e3 Nc6 7. Bd3 d5 8. cxd5 exd5 9. Ne2 O-O 10. O-O Re8 11. dxc5 ({RR} 11. Ng3 g6 12. f3 h5 13. Qe1 h4 14. Ne2 Nh5 15. Qf2 cxd4 16. cxd4 Be6 17. e4 Rc8 18. Be3 Na5 19. Rae1 Nc4 20. Bc1 f5 21. Nf4 Nxf4 22. Bxf4 Qf6 23. Re2 g5 24. exd5 Bxd5 25. Bxc4 Bxc4 {Andreikin,D (2729)-Vasquez Schroeder,R (2457) chess.com INT 2024 1-0 (44)}) ({RR} 11. Ng3 c4 12. Bc2 b5 13. f3 a5 14. e4 dxe4 15. fxe4 Bg4 16. Qd2 Qb6 17. h3 Bd7 18. Kh2 b4 19. axb4 axb4 20. Rxa8 Rxa8 21. e5 Nd5 22. Qg5 g6 23. Nh5 bxc3 24. Qh6 gxh5 25. Bxh7+ {1-0 (25) Nedelcu,T (2280)-Danila,T (2178) chess.com INT 2025}) 11... Qa5 12. c4 $146 ({RR} 12. Bb2 Qxc5 13. a4 Bg4 14. Rc1 Ne5 15. c4 Nxd3 16. Qxd3 Bxe2 17. Qxe2 d4 18. Qf3 d3 19. Rfd1 Rad8 20. Bd4 Qa3 21. Qg3 Rxd4 22. exd4 Qxc1 23. Rxc1 d2 24. Qc3 dxc1=Q+ 25. Qxc1 h6 26. f3 b6 {Nunes,A (1828)-Tobal,V (1425) Sao Paulo 2022 1-0 (31)}) 12... dxc4 13. Bxc4 Qxc5 14. Qb3 Ne5 15. Bb5 Be6 16. Qb1 Rec8 17. Nf4 Bc4 18. Bxc4 Nxc4 19. Qxb7 Rab8 20. Qf3 Qb5 21. a4 Qb3 22. Ne2 Qd3 23. h3 Ne5 24. Qg3 Nc4 25. Nd4 Qe4 26. Ba3 Qg6 27. Bd6 Rb2 28. Bf4 Ne4 29. Qxg6 hxg6 30. f3 Nc5 31. Rfc1 Nd3 32. Rc3 Nxf4 33. exf4 Nb6 34. Rxc8+ Nxc8 35. Nc6 Rc2 36. Ne5 Ne7 37. Rd1 f6 38. Rd8+ Kh7 39. Nf7 Rc8 40. Rd7 Nf5 41. Rxa7 Rc1+ 42. Kh2 Kg8 43. Nd8 Rc2 44. Ne6 Nh4 45. Rxg7+ Kh8 46. f5 g5 47. Kg1 Rxg2+ 48. Kf1 Rd2 49. Rc7 Nxf3 50. Rc3 Nh4 51. Ra3 Nxf5 52. a5 Rd6 53. Nc5 Ne7 54. a6 Rd8 55. Ne6 Ra8 56. Nc7 Ra7 57. Nb5 Ra8 58. Ke2 Nc6 59. a7 Kg7 60. Ra6 Re8+ 61. Kf2 Nxa7 62. Rxa7+ Kg6 63. Nd4 Rd8 64. Nf3 Rb8 65. Ra6 Rb2+ 66. Kg3 Rb3 67. Kg2 Rb2+ 68. Kg3 Rb3 69. Rc6 Ra3 70. Kf2 Ra2+ 71. Ke3 Ra3+ 72. Ke4 Ra4+ 73. Kd5 Ra3 74. Ne5+ Kf5 75. Nc4 Rxh3 76. Nd6+ Kg6 77. Ne4 Rf3 78. Rc8 g4 79. Rg8+ Kf7 80. Rxg4 Rd3+ 81. Kc4 Rd1 82. Rf4 Ke6 83. Nc5+ Kf7 84. Re4 Rc1+ 85. Kb5 Rd1 86. Rb4 Kg6 87. Kc6 f5 88. Rb7 Kf6 89. Rb6 Kg5 90. Kc7 f4 91. Ne6+ Kf5 92. Ng7+ Kg4 93. Ne6 f3 94. Rb4+ Kg3 95. Ng5 f2 96. Ne4+ Kf3 97. Nxf2 Kxf2 98. Rb6 Rc1+ 99. Kb7 Rh1 100. Rb1 Ke3 0-1

[Event "Airthings Masters Div 3 W"]
[Site "chess.com INT"]
[Date "2023.02.09"]
[Round "6.2"]
[White "Praggnanandhaa, R.."]
[Black "Sevian, Samuel"]
[Result "0-1"]
[WhiteElo "2690"]
[BlackElo "2687"]
[PlyCount "48"]
[EventDate "2023.02.06"]

1. d4 Nf6 2. c4 e6 3. Nc3 Bb4 4. e3 O-O 5. Bd3 d5 6. cxd5 exd5 7. Nge2 Re8 8. Bd2 Bd6 9. Qc2 ({RR} 9. Rc1 c6 10. O-O Na6 11. f3 c5 12. Kh1 Nc7 13. g4 b6 14. Ng3 g6 15. Nce2 Bb7 16. g5 Nd7 17. h4 Nf8 18. Kg2 Ba6 19. Bxa6 Nxa6 20. dxc5 bxc5 21. e4 d4 22. Qa4 Nc7 23. b4 Nce6 {Nepomniachtchi,I (2789)-Dominguez Perez,L (2758) chess24.com INT 2021 0-1 (63)}) 9... a6 10. O-O Nbd7 11. Rad1 $146 ({RR} 11. Nf4 c6 12. Rae1 h6 13. Kh1 Nf8 14. f3 Bc7 15. Bc1 Ne6 16. Nxe6 Bxe6 17. Qf2 Qd6 18. g4 c5 19. Rg1 Bd7 20. g5 hxg5 21. Rxg5 cxd4 22. Reg1 dxc3 23. Rxg7+ Kf8 24. bxc3 Re5 25. f4 Rh5 {Dai,C (2509)-Wang Yue (2640) Hohhot CHN 2024 0-1 (36)}) 11... b6 12. a3 c5 13. dxc5 bxc5 14. Na4 g6 15. b3 Bb7 16. h3 Ne5 17. Bc3 Rc8 18. Qb1 d4 19. exd4 Nf3+ 20. gxf3 Nh5 21. Qc1 Qh4 22. d5 Qxh3 23. f4 Rxe2 24. Be5 Rxe5 0-1

[Event "Meltwater Tour Final 2022"]
[Site "chess24.com INT"]
[Date "2022.11.17"]
[Round "4.1"]
[White "Praggnanandhaa, R.."]
[Black "So, W.."]
[Result "1/2-1/2"]
[WhiteElo "2678"]
[BlackElo "2760"]
[PlyCount "84"]
[EventDate "2022.11.14"]

1. d4 Nf6 2. c4 e6 3. Nc3 Bb4 4. e3 O-O 5. Bd2 d5 6. Nf3 b6 7. cxd5 exd5 8. Bd3 Re8 9. O-O Bd6 10. Nb5 ({RR} 10. a3 c5 11. Rc1 c4 12. Bb1 Bg4 13. h3 Bh5 14. Qa4 Nbd7 15. Nh4 a6 16. Qc2 Ne4 17. Nf5 Bf3 18. Ng3 Bxg3 19. fxg3 Bh5 20. Nxd5 Be2 21. Rf4 Ndc5 22. dxc5 Bd3 23. Qd1 Qxd5 24. Be1 Qxc5 {Nakamura,H (2768)-So,W (2761) Saint Louis USA 2023 0-1 (62)}) 10... Be7 $146 ({RR} 10... Bf8 11. Ne5 Ba6 12. Be1 c5 13. a4 Bb7 14. f4 Ne4 15. Bxe4 dxe4 16. dxc5 Bxc5 17. Qe2 a6 18. Rd1 Qe7 19. Nd4 Bxd4 20. Rxd4 a5 21. Qd1 Bc8 22. Bc3 Na6 23. Nc4 Nc5 24. Nxb6 Rb8 25. Nd5 {Harsha,B (2608)-Prraneeth,V (2437) Ciutadella de Menorca ESP 2023 1-0 (41)}) ({RR} 10... Bf8 11. Ne5 Ba6 12. Be1 c6 13. Nc3 Bxd3 14. Qxd3 Qc8 15. Rc1 Nbd7 16. f4 Qb7 17. Bh4 b5 18. Nb1 c5 19. Bxf6 c4 20. Qf5 Nxf6 21. Nd2 a5 22. Ndf3 Qc8 23. Qxc8 Raxc8 24. g4 Ne4 25. Nd7 {Gut,R (2150)-Georgescu,L (2223) Switzerland SUI 2025 ½-½ (69)}) 11. Ne5 c5 12. f4 Bb7 13. Be1 Nc6 14. Bh4 Ne4 15. Bxe4 dxe4 16. Qb3 Nxe5 17. fxe5 Bd5 18. Bxe7 Qd7 19. Qc3 Qxb5 20. Bd6 cxd4 21. Qxd4 Rac8 22. a4 Qc4 23. Rfd1 Be6 24. a5 Qb3 25. Ra3 Qb5 26. axb6 axb6 27. Rc3 h5 28. h3 Ra8 29. Rc7 Ra4 30. Qc3 Rea8 31. Ba3 Rc4 32. Rxc4 Bxc4 33. Qb4 Qxb4 34. Bxb4 Bd3 35. Rc1 Re8 36. Bc3 Kh7 37. Bd4 b5 38. Rc7 Kg6 39. Rc6+ Kf5 40. Rc7 Kg6 41. Rc6+ Kf5 42. Rc7 Kg6 1/2-1/2

[Event "Bundesliga 2024-25"]
[Site "Solingen GER"]
[Date "2024.11.30"]
[Round "3.7"]
[White "Praggnanandhaa, R.."]
[Black "Svane, R.."]
[Result "1-0"]
[WhiteElo "2750"]
[BlackElo "2629"]
[PlyCount "69"]
[EventDate "2024.10.05"]
[EventType "team"]
[WhiteTeam "Duesseldorfer SK"]
[BlackTeam "Hamburger SK"]

1. d4 Nf6 2. c4 e6 3. Nc3 Bb4 4. e3 O-O 5. a3 Bxc3+ 6. bxc3 d6 7. f3 c5 8. Bd3 e5 9. Ne2 Nc6 10. O-O Ne8 ({RR} 10... Re8 11. e4 h6 12. Be3 b6 13. d5 Ne7 14. Qd2 Ng6 15. Kh1 Bd7 16. g4 Nh7 17. Ng3 Ng5 18. Nf5 Bc8 19. Kg2 Nh7 20. h3 Qf6 21. Kh2 Nf4 22. Bxf4 exf4 23. Qxf4 Bxf5 24. gxf5 Qxc3 25. Qe3 {Jussupow,A (2665)-Hracek,Z (2625) Yerevan 1996 ½-½}) 11. e4 cxd4 $146 ({RR} 11... f5 12. exf5 Bxf5 13. Bxf5 Rxf5 14. Qd3 Rf8 15. d5 Na5 16. Ng3 Nb3 17. Ra2 Nxc1 18. Rxc1 Nf6 19. Rb1 b6 20. a4 a5 21. Rab2 Rb8 22. Qf5 Re8 23. Qg5 e4 24. f4 Kf7 25. Nf5 g6 26. Ne3 {Carow,J (2375)-Beck,A (1867) Wiesbaden 2013 1-0 (40)}) ({RR} 11... b6 12. f4 exf4 13. Rxf4 Nc7 14. Rf3 Na5 15. Rg3 Kh8 16. Nf4 g6 17. Nh3 f6 18. e5 dxe5 19. Bxg6 hxg6 20. Rxg6 Rf7 21. Rh6+ Rh7 22. Rxh7+ Kxh7 23. Qh5+ Kg8 24. Qg6+ Kf8 25. Bh6+ Ke7 26. dxe5 {Gadek,M (1861)-Rak,T (1944) Lazy POL 2025 1-0 (42)}) 12. cxd4 exd4 13. Bb2 Qb6 14. Rb1 Qc5 15. Rf2 Nc7 16. Bc2 Ne6 17. f4 f6 18. Ba1 Qxa3 19. Rf3 Qa5 20. Rb5 Qc7 21. Rg3 Qf7 22. Bb1 b6 23. Rd5 Rd8 24. f5 Nc7 25. Nf4 Rd7 26. Nh5 Qf8 27. Rxd4 Kh8 28. Rd2 Ne5 29. Nf4 Qe8 30. Rxd6 Qe7 31. c5 bxc5 32. Bxe5 fxe5 33. Ng6+ hxg6 34. Rh3+ Kg8 35. Ba2+ 1-0

[Event "Chessable Masters Div 2 W"]
[Site "chess.com INT"]
[Date "2023.04.04"]
[Round "2.2"]
[White "Praggnanandhaa, R.."]
[Black "Vachier Lagrave, M.."]
[Result "0-1"]
[WhiteElo "2688"]
[BlackElo "2741"]
[PlyCount "70"]
[EventDate "2023.04.03"]

1. d4 Nf6 2. c4 e6 3. Nc3 Bb4 4. a3 Bxc3+ 5. bxc3 d6 6. e4 e5 ({RR} 6... Nxe4 7. Qg4 Nf6 8. Qxg7 Rg8 9. Qh6 b6 10. Bg5 Nbd7 11. Qh4 Bb7 12. Nf3 Qe7 13. c5 h6 14. Qxh6 O-O-O 15. Qh4 e5 16. cxd6 Qxd6 17. Bxf6 Nxf6 18. Nxe5 Kb8 19. f3 Nd5 20. Nxf7 Rde8+ 21. Kd2 {Bu Xiangzhi (2684)-Xu,Y (2479) Shaoxing CHN 2024 ½-½}) 7. Bd3 c5 ({RR} 7... Nc6 8. Ne2 b6 9. O-O Na5 10. f4 Qe7 11. fxe5 dxe5 12. Bg5 Bg4 13. Bxf6 gxf6 14. Qa4+ Bd7 15. Qc2 O-O-O 16. c5 Bg4 17. Rab1 Kb8 18. Qa4 Ka8 19. Ng3 Bd7 20. Bb5 exd4 21. cxd4 h5 22. h4 {Vershinin,I (2310)-Popov,K (2376) Moscow RUS 2025 ½-½ (32)}) 8. Ne2 Nc6 9. O-O $146 ({RR} 9. d5 Ne7 10. O-O Ng6 11. f3 Nh5 12. g3 O-O 13. Be3 Bd7 14. Qd2 h6 15. g4 Nf6 16. g5 Nh5 17. gxh6 f5 18. hxg7 Rf7 19. Bg5 Qc8 20. Ng3 Nxg3 21. hxg3 f4 22. Bh6 Bh3 23. g4 Bxf1 {Sertic,R (2405)-Zaja,I (2457) Sibenik 2008 0-1 (33)}) 9... O-O 10. d5 Ne7 11. f4 exf4 12. Bxf4 Ng4 13. h3 Ne5 14. Bxe5 dxe5 15. a4 Bd7 16. a5 Nc8 17. Qd2 Nd6 18. Ng3 Qh4 19. Qe3 Rac8 20. Rf2 f6 21. Nf1 h6 22. Kh2 Qg5 23. Qe1 f5 24. exf5 e4 25. Bxe4 Rce8 26. Re2 Nxc4 27. Ng3 Nd6 28. Qf2 h5 29. Qxc5 Nxe4 30. Nxe4 Qf4+ 31. g3 Qxf5 32. Qd4 Qxh3+ 33. Kg1 Rf3 34. Rae1 Rxg3+ 35. Nxg3 Qxg3+ 0-1

[Event "Norway Chess 2024"]
[Site "Stavanger, Norway"]
[Date "2024.06.06"]
[Round "17.3"]
[White "Caruana, Fabiano"]
[Black "Praggnanandhaa R"]
[Result "1/2-1/2"]
[WhiteElo "2805"]
[BlackElo "2747"]
[Annotator "Stockfish 16.1 - Chessbase"]
[PlyCount "96"]
[EventDate "2024.??.??"]

{[%evp 0,96,18,18,22,6,-4,-11,23,23,25,26,26,26,26,19,20,23,23,23,49,21,17,7,-13,7,-6,-9,30,118,15,-1,4,-37,12,-34,30,59,57,50,53,58,47,38,68,37,44,37,22,16,76,20,36,3,-3,11,14,0,11,6,22,-3,-6,0,0,-15,-4,-9,-6,0,0,-6,-11,-27,-11,-30,-3,-10,-11,-11,-11,19,51,3,28,35,37,28,24,26,5,-29,0,0,0,0,0,0,0]} 1. d4 Nf6 2. c4 e6 3. Nc3 Bb4 4. e3 O-O 5. Bd3 d5 6. cxd5 exd5 7. Nge2 Re8 8. O-O Bd6 9. Bd2 b6 ({RR} 9... a6 10. Rc1 Nbd7 11. Nf4 c6 12. f3 b5 13. Nce2 c5 14. g4 c4 15. Bb1 Nf8 16. Qe1 a5 17. Kh1 Ng6 18. Nxg6 hxg6 19. Qh4 Bb4 20. Nc3 Be7 21. g5 Nh7 22. f4 b4 23. Ne2 Qd7 24. Rf3 {½-½ Ernst,R (2344)-Lim,Z (2271) FSIM February 2024 Budapest HUN (6.1)}) 10. Rc1 c5 11. Ng3 $146 ({RR} 11. dxc5 bxc5 12. Nb5 Bf8 13. Bc3 Na6 14. Nf4 Bb7 15. b3 Ne4 16. Bb2 Qg5 17. g3 Rad8 18. Nxa7 c4 19. Bxe4 dxe4 20. Qh5 Qxh5 21. Nxh5 cxb3 22. axb3 Bd5 23. Nc6 Rc8 24. Nxg7 Bxg7 25. Ne7+ Kf8 {1-0 Abdusattorov,N (2727)-Vrolijk,L (2566) World Rapid 2023 Samarkand UZB (1.9)}) 11... Nc6 $146 ({RR} 11... Bb7 12. Qf3 Nbd7 13. Nf5 Bf8 14. Qg3 g6 15. Rfd1 Re6 16. e4 dxe4 17. Bc4 Nh5 18. Qh3 Rf6 19. Nh6+ Bxh6 20. Bxh6 Qe8 21. Nb5 Rb8 22. dxc5 Nxc5 23. Bg5 e3 24. Qxe3 Qxe3 25. Bxe3 Nf4 26. Nd6 {Grischuk,A (2777)-Ding,L (2805) Chess.com INT 2020 0-1 (46)}) ({RR} 11... Bf8 12. dxc5 bxc5 13. e4 d4 14. Na4 Ba6 15. Bg5 Bxd3 16. Qxd3 Qa5 17. Nxc5 Bxc5 18. Bxf6 gxf6 19. Nh5 Nd7 20. Qg3+ Kf8 21. Qg7+ Ke7 22. Nf4 Qa6 23. b4 Bd6 24. Nd5+ Kd8 25. Qxf7 Rf8 26. Qxh7 {Xu,X (2611)-Habans Aguerrea,J (2438) Roquetas de Mar ESP 2025 1-0 (43)}) 12. Nh5 cxd4 13. exd4 Nxd4 14. Bg5 Be7 15. Re1 Be6 16. Bxf6 Bxf6 17. Qa4 b5 18. Nxb5 Nxb5 19. Bxb5 Rf8 20. Nxf6+ Qxf6 21. b3 d4 22. Bd3 g6 23. h3 Rad8 24. Rc5 Rd7 25. Rd1 Rfd8 26. Ra5 Qe7 27. Qa3 Qxa3 28. Rxa3 Kg7 29. f3 Bf5 30. Ra4 Bxd3 31. Rxd3 Kf6 32. h4 h5 33. Rc4 a5 34. Kf2 Rd5 35. Rd2 Kf5 36. Re2 R8d7 37. Rec2 Ke5 38. Rd2 Kf4 39. Re2 Kf5 40. Re4 g5 41. hxg5 Kxg5 42. Ke2 f5 43. Re8 h4 44. Rg8+ Kf4 45. Kf2 Rd8 46. Rg7 R8d7 47. Rg8 Rd8 48. Rg7 R8d7 1/2-1/2